Ekonomická analýza a kvantitativní metody při posuzovaní spojování soutěžitelů

Popis a hodnotenie kladov a záporov najznámejších kvantitatívnych metód využívaných pri analýze spájania súťažiteľov.

Na minha lista:
Detalhes bibliográficos
Autor principal: Nejezchleb, Kamil
Outros Autores: Hajná, Zuzana
Formato: Capítulo de Livro
Idioma:tcheco
Assuntos:
Tags: Adicionar Tag
Sem tags, seja o primeiro a adicionar uma tag!

MARC

LEADER 00000naa a2200000 4500
001 0200992
005 20231128125318.9
041 0 |a cze 
044 |a CZ 
245 1 0 |a Ekonomická analýza a kvantitativní metody při posuzovaní spojování soutěžitelů  |c Kamil Nejezchleb, Zuzana Hajná 
520 |a Popis a hodnotenie kladov a záporov najznámejších kvantitatívnych metód využívaných pri analýze spájania súťažiteľov. 
610 2 0 |a analýza ekonomická 
610 2 0 |a politika protimonopolná 
610 2 0 |a súťaž hospodárska 
610 2 0 |a metódy kvantitatívne 
100 1 |a Nejezchleb, Kamil 
700 1 |a Hajná, Zuzana